000 00800nam a22001577a 4500
999 _c121209
_d121209
001 K121209
008 190716b ||||| |||| 00| 0 eng d
110 _93599
_aAssociation of Retirement Housing Managers
245 _aAssociation of Retirement Housing Managers
520 _aFunded in 1991,the Association of Retirement Housing managers represents 55 member organisations who manage over 100,000 retirement properties in the UK. Separate Codes of Practice for England, Wales and Scotland promotes best practice and ethics regarding the management of retirement housing.
650 _aRetirement housing
650 _aService charges
651 _aUnited Kingdom
690 _96252
_aLandlord and tenant
856 _uhttps://www.arhm.org/publication-category/code-of-practice/
_zView at arhm.org